| 000 | 01066 a2200313 4500 | ||
|---|---|---|---|
| 999 |
_c200128996 _d32633 |
||
| 001 | 200128996 | ||
| 003 | TR-AnTOB | ||
| 005 | 20240917150232.0 | ||
| 008 | 130415s2011 tu 000 0 | ||
| 020 | _a9786055413484 | ||
| 040 |
_aTR-AnTOB _cTR-AnTOB _beng _erda |
||
| 041 | _atur | ||
| 050 | 0 | _aDR506 | |
| 090 |
_aDR506 _b.M593 2011 |
||
| 100 | 0 |
_aMizancı Murad, _d1853-1914? _987995 |
|
| 245 | 1 | 0 |
_aMuhteşem Süleyman = _bTa'rih-i Ebu'l Faruk, III/1 / _cMizanci Murad ; eski-yeni harflerle hazırlayan, Yılmaz Kurt. |
| 264 | 1 |
_aAnkara: _bAkçağ Yayınları, _c2011 |
|
| 300 |
_a214 p. ; _c24cm. |
||
| 336 |
_2rdacontent _atext _btxt |
||
| 337 |
_2rdamedia _aunmediated _bn |
||
| 338 |
_2rdacarrier _avolume _bnc |
||
| 490 | 0 |
_a Akçağ Yayınları ; _v1041 _aTarih ; _v43 |
|
| 500 | _aEser Osmanlıca ve Türkçe'dir. | ||
| 650 | 7 |
_aSultanlar _zTürkiye _2etuturkob _912133 |
|
| 651 | 0 |
_aTürkiye _xKrallar ve hükümdarlar _96964 |
|
| 651 | 0 |
_aTürkiye _xTarih _ySüleyman I, 1520-1566 _987996 |
|
| 942 |
_cBK _2lcc |
||